000 00316nam a22001337a 4500
008 181025b xxu||||| |||| 00| 0 eng d
020 _a9780205585588
041 _aeng
080 _26 ED
_a316
100 _a50
101 _aSOC
245 _aResearch Methods For Social Workers
_cBonnie.L.Y
942 _2udc
_cBK
999 _c50907
_d50907